Top 10 Leaders: Arizona Cardinals - Statistics

General Stats
  • This quiz has been taken 8 times
  • The average score is 11 of 60
Answer Stats
Rank Category Amount of Answer % Correct
5 Passing yards 15,843 Kurt Warner
100%
7 Passing Yards 11,480 Kyler Murray
88%
1 Receiving yards 17,492 Larry Fitzgerald
88%
4 Passing yards 16,782 Carson Palmer
75%
1 Sacks 71.5 Chandler Jones
75%
4 Receiving yards 7,520 Anquan Boldin
63%
3 Receiving yards 7,918 Jackie Smith
63%
1 Passing yards 34,639 Jim Hart
63%
8 Tackles 447 Patrick Peterson
63%
6 Interceptions 28 Patrick Peterson
63%
10 Rushing yards 3,128 David Johnson
50%
2 Passing yards 22,771 Neil Lomax
50%
2 Receiving yards 8,496 Roy Green
50%
6 Tackles 499 Aeneas Williams
38%
2 Interceptions 46 Aeneas Williams
38%
3 Passing yards 17,622 Jake Plummer
38%
1 Interceptions 52 Larry Wilson
38%
1 Rushing yards 7,999 Ottis Anderson
38%
6 Passing Yards 14,928 Charley Johnson
13%
4 Interceptions 30 Dick Lane
13%
10 Passing yards 5,431 Josh McCown
13%
10 Receiving yards 5,110 Rob Moore
13%
2 Tackles 730 Adrian Wilson
0%
7 Interceptions 27 Adrian Wilson
0%
8 Receiving yards 5,828 Bobby Joe Conrad
0%
5 Sacks 54.5 Bob Rowe
0%
4 Sacks 56.5 Calais Campbell
0%
5 Rushing yards 3,506 Charley Trippi
0%
7 Sacks 50.5 Chuck Walker
0%
2 Sacks 69.5 Curtis Greer
0%
10 Sacks 40.5 Darnell Dockett
0%
1 Tackles 785 Eric Hill
0%
9 Sacks 45.5 Eric Swann
0%
7 Receiving yards 6,579 Frank Sanders
0%
9 Tackles 439 Freddie Joe Nunn
0%
3 Sacks 66.5 Freddie Joe Nunn
0%
3 Rushing yards 3,863 Jim Otis
0%
6 Rushing yard 3,489 John David Crow
0%
4 Rushing yards 3,608 Johnny Roland
0%
4 Tackles 633 Karlos Dansby
0%
10 Tackles 437 Ken Harvey
0%
8 Sacks 47.5 Ken Harvey
0%
8 Interceptions 24 Kwamie Lassiter
0%
9 Passing yards 6,578 Lamar McHan
0%
7 Tackles 473 Lonnie Young
0%
6 Receiving yards 6,644 Mel Gray
0%
9 Interceptions 22 Norm Thompson
0%
9 Rushing yards 3,331 Ollie Matson
0%
5 Interceptions 29 Pat Fischer
0%
5 Receiving yards 7,005 Pat Tilley
0%
8 Passing yards 6,749 Paul Christman
0%
10 Interceptions 21 Ray Ramsey
0%
3 Interceptions 40 Roger Wehrli
0%
3 Tackles 645 Ronald McKinnon
0%
6 Sacks 51.5 Simeon Rice
0%
9 Receiving yards 5,438 Sonny Randle
0%
2 Rushing yards 4,649 Stump Mitchell
0%
7 Rushing yards 3,438 Terry Metcalf
0%
5 Tackles 594 Tim McDonald
0%
8 Rushing yards 3,375 Wayne Morris
0%
No matching quizzes found
Score Distribution
Percent of People with Each Score
Percentile by Number Answered
Your Score History
You have not taken this quiz